Harry Potter: Most Lines in Every Chapter (Book 1) Quiz Stats

 Plays Quiz Updated Oct 11, 2019

Score 0/84 Timer 06:00
38 Plays Today
% Correct
Harry Potter
99.8%
Harry Potter
99.8%
Harry Potter
99.7%
Harry Potter
99.7%
Harry Potter
99.7%
Harry Potter
99.7%
Harry Potter
99.7%
Harry Potter
99.7%
Harry Potter
99.7%
Harry Potter
99.7%
Harry Potter
99.7%
Harry Potter
99.7%
Harry Potter
99.7%
Harry Potter
99.7%
Harry Potter
99.7%
Harry Potter
99.7%
Albus Dumbledore
98.3%
Albus Dumbledore
98.3%
Albus Dumbledore
98.3%
Albus Dumbledore
98.3%
Ron Weasley
98.1%
Ron Weasley
98.1%
Ron Weasley
98.1%
Ron Weasley
98.1%
Ron Weasley
98.1%
Ron Weasley
98.1%
Ron Weasley
98.1%
Ron Weasley
98.1%
% Correct
Ron Weasley and Ronan
98.1%
Ron Weasley
98.1%
Ron Weasley
98.1%
Hermione Granger and George Weasley
98.1%
Hermione Granger
97.5%
Hermione Granger
97.5%
Hermione Granger
97.5%
Hermione Granger
97.5%
Hermione Granger
97.5%
Hermione Granger
97.5%
Hermione Granger
97.5%
Rubeus Hagrid and Neville Longbottom
97.5%
Rubeus Hagrid
97.2%
Rubeus Hagrid
97.2%
Rubeus Hagrid
97.2%
Rubeus Hagrid
97.2%
Rubeus Hagrid
97.2%
Rubeus Hagrid
97.2%
Rubeus Hagrid
97.2%
Rubeus Hagrid
97.2%
Severus Snape
95.6%
Severus Snape
95.6%
Neville Longbottom and Draco Malfoy
93.7%
Draco Malfoy
92.8%
Draco Malfoy
92.8%
Minerva McGonagall
91.6%
Minerva McGonagall
91.6%
Minerva McGonagall
91.6%
% Correct
Minerva McGonagall
91.6%
Minerva McGonagall
91.6%
Minerva McGonagall
91.6%
Minerva McGonagall
91.6%
Dudley Dursley
88.5%
Dudley Dursley
88.5%
Dudley Dursley
88.5%
Vernon Dursley
87.1%
Vernon Dursley
87.1%
Vernon Dursley
87.1%
Vernon Dursley
87.1%
Petunia Dursley
86.1%
Petunia Dursley
86.1%
Petunia Dursley
86.1%
Petunia Dursley
86.1%
Voldemort
84.4%
George Weasley
82.4%
Fred Weasley
81.9%
Quirinus Quirrell
80.4%
Molly Weasley
73.6%
The Sorting Hat
63.3%
Oliver Wood
60.5%
Garrick Ollivander
59.8%
Percy Weasley
57.6%
Griphook and Tom
48.6%
Firenze
46.7%
Lee Jordan
39.3%
Piers Polkiss
33.3%

You're not logged in!

Compare scores with friends on all Sporcle quizzes.
OR
Log In

Sporcle TV

Today on Sporcle TV


Watch our educational content, quiz creation guides, and fun videos on Sporcle TV.

Show Comments

Extras

Top Quizzes Today


Score Distribution

Your Account Isn't Verified!

In order to create a playlist on Sporcle, you need to verify the email address you used during registration. Go to your Sporcle Settings to finish the process.

Report this User

Report this user for behavior that violates our Community Guidelines.

Details: